| 000 | 01440cam a22002174a 4500 | ||
|---|---|---|---|
| 005 | 20250605163927.0 | ||
| 008 | 250528s ||||||||||||||||||||||||d | ||
| 035 | _a14565 | ||
| 020 | _a9603440469 | ||
| 040 |
_aGR-AtMCL _bgre _dGR-AtMCL _eAACR2 |
||
| 245 | 1 | _aΜοντέλα και Μέθοδοι για Τις Επιστήμες της Συμπεριφοράς | |
| 250 | _a3η | ||
| 260 |
_bΕλληνικά Γράμματα, _c1999 |
||
| 300 | _a64 | ||
| 520 | _aΤο παρόν βιβλίο είναι το δεύτερο από τα τέσσερα τεύχη της ομάδας βιβλίων για τον Πειραματικό Σχεδιασμό και τις Μεθόδους Έρευνας στην Ψυχολογία. Ερωτήσεις που Μπορούν να Απαντηθούν, Μοντέλα για να Εξηγηθούν οι Παρατηρήσεις, Μοντέλα Μέτρησης, Παρατήρηση και Πείραμα, Προβλήματα στη Συλλογή Δεδομένων: Αντικειμενικότητα και Αντιδραστικότητα και Δειγματοληψία, Διαχωρίσμος Σημαντικών Παραγόντων, Ευρετήριο Όρων, Απαντήσεις στις Ερωτήσεις Αυτο-Αξιολόγησης. | ||
| 700 | 1 |
_aMacrae Sandy _9274 |
|
| 700 | 1 |
_aΒελλή Θεώνη _9275 |
|
| 942 | _cBK | ||
| 999 |
_c189 _d189 |
||